[Event "Open A Zadar 2016"]
[Site "Zadar"]
[Date "2016.12.12"]
[Round "3.20"]
[White "Schnider, Gert"]
[Black "Bubalovic, Davorin"]
[Result "1/2-1/2"]
[WhiteElo "2407"]
[BlackElo "2229"]
[PlyCount "139"]
[EventDate "2016.12.11"]
[EventCountry "CRO"]
[WhiteClock "1:30:00"]
[BlackClock "1:30:00"]

1. e4 c5 2. Nf3 e6 3. d4 cxd4 4. Nxd4 a6 5. Bd3 Qc7 6. Qe2 Bc5 7. Nb3 Be7 8.
O-O d6 9. a4 Nd7 10. Nc3 b6 11. f4 Ngf6 12. Kh1 Bb7 13. Bd2 O-O 14. Rae1 e5 15.
fxe5 dxe5 16. Bg5 Rfc8 17. Qf3 Nf8 18. Nd2 Rd8 19. Nc4 Ne6 20. Bxf6 Bxf6 21.
Rd1 Qc5 22. Ne3 Nf4 23. Bc4 Rxd1 24. Rxd1 Rd8 25. Bd5 Bc8 26. g3 Nxd5 27. Ncxd5
Rd6 28. Rd3 Be6 29. Qd1 Bg5 30. b4 Qc6 31. h4 Bd8 32. b5 axb5 33. axb5 Qxb5 34.
Nf6+ Bxf6 35. Rxd6 Qb4 36. Kh2 h6 37. Qd2 Qxe4 38. Rxb6 g5 39. Ng2 Kg7 40. Rb4
Qf5 41. g4 Qf3 42. hxg5 Bxg5 43. Qe1 f6 44. Qe4 Qxe4 45. Rxe4 h5 46. gxh5 Kh6
47. Ra4 Kxh5 48. c4 f5 49. c5 f4 50. Re4 f3 51. Rxe5 f2 52. Nf4+ Kg4 53. Kg2
Bc4 54. Ne2 Bf4 55. Re4 Bd5 56. Nc3 Bxe4+ 57. Nxe4 f1=Q+ 58. Kxf1 Kf5 59. Nc3
Ke6 60. Ke2 Be5 61. Kd3 Bxc3 62. Kxc3 Kd5 63. Kb4 Kc6 64. Kc4 Kc7 65. Kb5 Kb7
66. c6+ Kc7 67. Kc5 Kc8 68. Kb6 Kb8 69. c7+ Kc8 70. Kc6 1/2-1/2

[Event "Open A Zadar 2016"]
[Site "Zadar"]
[Date "2016.12.12"]
[Round "3.21"]
[White "Guttenthaler, Franz"]
[Black "Djurovic, Goran"]
[Result "0-1"]
[WhiteElo "2268"]
[BlackElo "2396"]
[PlyCount "88"]
[EventDate "2016.12.11"]
[EventCountry "CRO"]
[WhiteClock "1:30:00"]
[BlackClock "1:30:00"]

1. d4 Nf6 2. c4 e6 3. Nc3 Bb4 4. e3 b6 5. Bd3 Bb7 6. Nf3 O-O 7. O-O c5 8. Bd2
cxd4 9. exd4 d5 10. cxd5 Nxd5 11. Qe2 Nc6 12. Qe4 Nf6 13. Qh4 Ne7 14. Ne4 Bxe4
15. Bxe4 Nxe4 16. Bxb4 Nf6 17. Rac1 Ng6 18. Qg3 Re8 19. Qd6 Nd5 20. Qxd8 Rexd8
21. Bd2 Rac8 22. g3 f6 23. Rfd1 Kf7 24. Kf1 h5 25. h4 Nge7 26. Ke2 Nf5 27. Rxc8
Rxc8 28. Rc1 Rxc1 29. Bxc1 Nd6 30. a3 Ke7 31. Kd3 Kd7 32. Nd2 Kc6 33. Nc4 Nxc4
34. Kxc4 b5+ 35. Kd3 Nb6 36. b3 Kd5 37. Bd2 Nd7 38. Bb4 a6 39. Bc3 Nb8 40. Bd2
Nc6 41. Bc3 a5 42. a4 b4 43. Bb2 g5 44. hxg5 fxg5 0-1

[Event "Open A Zadar 2016"]
[Site "Zadar"]
[Date "2016.12.12"]
[Round "3.22"]
[White "Jakic, Ivan"]
[Black "Krstulovic, Alex"]
[Result "1/2-1/2"]
[WhiteElo "2380"]
[BlackElo "2258"]
[PlyCount "193"]
[EventDate "2016.12.11"]
[EventCountry "CRO"]
[WhiteClock "1:30:00"]
[BlackClock "0:12:48"]

1. e4 e5 2. Nf3 Nc6 3. Bb5 a6 4. Ba4 d6 5. Bxc6+ bxc6 6. d4 exd4 7. Nxd4 c5 8.
Nf3 Nf6 9. O-O Be7 10. e5 Nd7 11. exd6 cxd6 12. Bf4 Nb6 13. Nc3 O-O 14. Re1 Be6
15. a4 Re8 16. a5 Nc4 17. Nd5 Nxb2 18. Nxe7+ Rxe7 19. Qxd6 Qxd6 20. Bxd6 Rd7
21. Bxc5 Rc8 22. Bb6 Nc4 23. h3 Rb7 24. Bd4 h6 25. c3 Rb5 26. Ne5 Nxa5 27. Ng6
Kh7 28. Nf4 Bc4 29. g4 Nb3 30. Rxa6 Nxd4 31. cxd4 Rd8 32. d5 Rbxd5 33. Nxd5
Bxa6 34. Ne3 g6 35. Kh2 Re8 36. Kg3 Re5 37. h4 h5 38. Ra1 Be2 39. Kf4 Rb5 40.
g5 Bd3 41. Ra4 Bf5 42. Rd4 Be6 43. Kg3 Kg7 44. Ng2 Rb3+ 45. Kf4 Rb5 46. Kg3
Rb3+ 47. f3 Bf5 48. Nf4 Rb6 49. Rd8 Be6 50. Re8 Ba2 51. Re2 Bc4 52. Rc2 Be6 53.
Rc7 Ba2 54. Nd3 Rd6 55. Ne5 Be6 56. Rc3 Rd4 57. Nd3 Bf5 58. Nf4 Rd6 59. Re3 Bb1
60. Re5 Ba2 61. Ra5 Rd2 62. Ra3 Bd5 63. Ra7 Ba2 64. Nh3 Be6 65. Nf4 Ba2 66. Re7
Bc4 67. Re4 Bf1 68. Re5 Bc4 69. Rc5 Ba2 70. Rc3 Bb1 71. Rc5 Ba2 72. Rc1 Bb3 73.
Re1 Bc4 74. Re3 Rb2 75. Re4 Rc2 76. Rd4 Ba2 77. Rb4 Rd2 78. Ng2 Re2 79. Rd4 Bb1
80. Rb4 Ba2 81. Re4 Rb2 82. Re3 Be6 83. Nf4 Bc4 84. Re4 Rc2 85. Ng2 Be6 86. Ne3
Rd2 87. Re5 Rd3 88. Kf4 Ra3 89. Re4 Ra5 90. Re5 Ra4+ 91. Kg3 Ra3 92. Nc2 Rd3
93. Re3 Rd2 94. Nb4 Rd6 95. Rd3 Rb6 96. Rd4 Rb5 97. Nc2 1/2-1/2

[Event "Open A Zadar 2016"]
[Site "Zadar"]
[Date "2016.12.12"]
[Round "3.23"]
[White "Reich, Thomas"]
[Black "Samani, Yamac"]
[Result "1-0"]
[WhiteElo "2362"]
[BlackElo "2265"]
[PlyCount "95"]
[EventDate "2016.12.11"]
[EventCountry "CRO"]
[WhiteClock "1:30:00"]
[BlackClock "1:30:00"]

1. d4 d5 2. Bf4 Nf6 3. e3 c5 4. c3 Nc6 5. Nd2 Bf5 6. Qb3 Qd7 7. Ngf3 c4 8. Qd1
e6 9. Nh4 b5 10. Nxf5 exf5 11. h3 Bd6 12. Bxd6 Qxd6 13. Qf3 Qe6 14. a4 bxa4 15.
g4 fxg4 16. hxg4 Qxg4 17. Qxg4 Nxg4 18. Bg2 Nf6 19. Nxc4 O-O 20. Nd2 Rab8 21.
Ra2 Rfc8 22. Ke2 a3 23. b3 Nd8 24. Rc1 Rc7 25. Rxa3 Nc6 26. Raa1 Re7 27. Kf1
Ne4 28. Nxe4 dxe4 29. Ra6 Rb6 30. Rca1 f5 31. Rxb6 axb6 32. Ra6 Ra7 33. Rxa7
Nxa7 34. f3 exf3 35. Bxf3 Kf7 36. c4 Ke6 37. b4 Nc8 38. c5 bxc5 39. dxc5 Na7
40. Ke2 g5 41. Kd3 g4 42. Bh1 h5 43. Kc4 h4 44. b5 Nc8 45. b6 Nxb6+ 46. cxb6
Kd6 47. Kb5 h3 48. Ka6 1-0

[Event "Open A Zadar 2016"]
[Site "Zadar"]
[Date "2016.12.12"]
[Round "3.24"]
[White "Biliskov, Vjekoslav"]
[Black "Bilobrk, Franjo"]
[Result "1/2-1/2"]
[WhiteElo "2314"]
[BlackElo "2354"]
[PlyCount "21"]
[EventDate "2016.12.11"]
[EventCountry "CRO"]
[WhiteClock "1:30:00"]
[BlackClock "1:30:00"]

1. e4 e5 2. Nf3 Nc6 3. Bc4 Bc5 4. d3 Nf6 5. O-O a6 6. c3 Ba7 7. a4 d6 8. Nbd2
O-O 9. b4 Ne7 10. Bb3 Ng6 11. h3 1/2-1/2

[Event "Open A Zadar 2016"]
[Site "Zadar"]
[Date "2016.12.12"]
[Round "3.25"]
[White "Polok, Kacper"]
[Black "Zovko, Mario"]
[Result "1-0"]
[WhiteElo "2299"]
[BlackElo "2342"]
[PlyCount "107"]
[EventDate "2016.12.11"]
[EventCountry "CRO"]
[WhiteClock "1:30:00"]
[BlackClock "1:30:00"]

1. e4 c6 2. d4 d5 3. Nc3 dxe4 4. Nxe4 Bf5 5. Ng3 Bg6 6. N1e2 Nf6 7. c3 e6 8.
Nf4 Bd6 9. h4 Bxf4 10. Bxf4 h6 11. Qb3 Qe7 12. Be2 O-O 13. h5 Bh7 14. O-O Re8
15. c4 Rd8 16. Rad1 a5 17. Be5 Ne8 18. a3 a4 19. Qe3 Nd7 20. Bf4 Ndf6 21. Rfe1
Nc7 22. Bf3 Rac8 23. Qe5 b5 24. Bxc6 bxc4 25. Bb7 Rb8 26. Qc5 Ncd5 27. Bxd5
Nxd5 28. Bxb8 Qxc5 29. dxc5 Rxb8 30. Ne4 Rc8 31. Rxd5 Bxe4 32. Rd6 Bd3 33. Re5
f6 34. Rexe6 Rxc5 35. Re8+ Kf7 36. Ra8 Rxh5 37. Rxa4 Rg5 38. f3 h5 39. Ra7+ Kg6
40. a4 h4 41. Kh2 Kh5 42. a5 Kg6 43. a6 Bf1 44. Rd2 Bd3 45. Rc7 Ra5 46. a7 Ra1
47. b4 Kh6 48. b5 g5 49. b6 f5 50. Rxd3 cxd3 51. Rd7 g4 52. fxg4 fxg4 53. Rxd3
Kg5 54. b7 1-0

[Event "Open A Zadar 2016"]
[Site "Zadar"]
[Date "2016.12.12"]
[Round "3.26"]
[White "Jusic, Zdenko"]
[Black "Mesaros, Florian"]
[Result "0-1"]
[WhiteElo "2257"]
[BlackElo "2334"]
[PlyCount "103"]
[EventDate "2016.12.11"]
[EventCountry "CRO"]
[WhiteClock "1:29:00"]
[BlackClock "1:30:00"]

1. e4 e5 2. Nf3 Nc6 3. Bb5 a6 4. Ba4 Nf6 5. O-O Be7 6. Re1 b5 7. Bb3 d6 8. c3
O-O 9. h3 Bb7 10. d4 Re8 11. Ng5 Rf8 12. Nf3 Nd7 13. Nbd2 exd4 14. cxd4 Re8 15.
Nf1 Na5 16. Bc2 Bf6 17. Ng3 g6 18. Bh6 c5 19. b4 cxb4 20. Qd2 Rc8 21. Re2 Rc3
22. Qf4 Nf8 23. Ng5 Bxg5 24. Qxg5 Qxg5 25. Bxg5 Rec8 26. Bd1 Ne6 27. Bh6 Nxd4
28. Rd2 R3c4 29. Be3 Nac6 30. Bg4 Re8 31. Rad1 Nc2 32. Bb6 Ne5 33. Be2 Rc6 34.
f4 Rxb6 35. Rxc2 Nd7 36. e5 d5 37. Bf3 g5 38. Bxd5 gxf4 39. Bxb7 Rxb7 40. Nh5
Kf8 41. Rc6 Rxe5 42. Nxf4 a5 43. Rf1 Kg7 44. g4 Rb6 45. Nh5+ Kf8 46. Rc7 Rd6
47. Ra7 a4 48. Rb1 Rd4 49. Ra8+ Re8 50. Ra7 Re3 51. Ra8+ Re8 52. Rxe8+ 0-1

[Event "Open A Zadar 2016"]
[Site "Zadar"]
[Date "2016.12.12"]
[Round "3.27"]
[White "Marjanovic, Dejan"]
[Black "Sahil, Tickoo"]
[Result "1/2-1/2"]
[WhiteElo "2439"]
[BlackElo "2165"]
[PlyCount "165"]
[EventDate "2016.12.11"]
[EventCountry "CRO"]
[WhiteClock "1:30:00"]
[BlackClock "1:30:00"]

1. d4 d5 2. Nf3 Nf6 3. c4 e6 4. Bg5 Be7 5. Nc3 h6 6. Bh4 Nbd7 7. e3 Ne4 8. Bxe7
Qxe7 9. cxd5 Nxc3 10. bxc3 exd5 11. Qb3 Nf6 12. c4 c6 13. Be2 O-O 14. O-O Bf5
15. a4 Rac8 16. Rfc1 Rc7 17. a5 a6 18. Bd3 Bxd3 19. Qxd3 dxc4 20. Rxc4 Rd8 21.
Qc2 Rcd7 22. Nd2 Rd5 23. Nb3 Ne4 24. Re1 Rh5 25. Nc5 Nxc5 26. Rxc5 Rxc5 27.
Qxc5 Qxc5 28. dxc5 Rd5 29. Rc1 Rd2 30. Rb1 Ra2 31. Kf1 Rxa5 32. Rxb7 Rxc5 33.
Ra7 a5 34. Ke2 h5 35. h4 g6 36. Kd3 Kg7 37. Ra6 Kf6 38. Kd4 Rc2 39. f3 Rxg2 40.
Rxc6+ Kg7 41. Ra6 Rh2 42. Rxa5 Rxh4+ 43. f4 Rh1 44. Ke4 Rf1 45. Ra2 Kh6 46. Kd3
Rg1 47. Ra8 Rg2 48. Ke4 Rg3 49. Kd3 Kg7 50. Ke2 Rg2+ 51. Kf3 Rb2 52. Ra6 Rb7
53. Rc6 f6 54. Rc5 Re7 55. Rd5 Kh6 56. Rd6 Rf7 57. e4 Kg7 58. Rd5 Re7 59. Rc5
Ra7 60. e5 fxe5 61. Rxe5 Ra3+ 62. Kg2 Kf6 63. Rc5 Rb3 64. Rd5 Rb2+ 65. Kg3 Rb3+
66. Kg2 h4 67. Rc5 Rg3+ 68. Kf2 Rg4 69. Kf3 Rg3+ 70. Kf2 Ra3 71. Kg2 Rb3 72.
Rd5 h3+ 73. Kh2 Rf3 74. Rc5 Rxf4 75. Kxh3 Rf5 76. Rc6+ Kg5 77. Kg3 Ra5 78. Rc3
Kh5 79. Rb3 g5 80. Rc3 Ra1 81. Rb3 Rg1+ 82. Kh2 Rg4 83. Kh3 1/2-1/2

[Event "Open A Zadar 2016"]
[Site "Zadar"]
[Date "2016.12.12"]
[Round "3.28"]
[White "Stocko, Josip"]
[Black "Horvath, Dominik"]
[Result "1-0"]
[WhiteElo "2340"]
[BlackElo "2269"]
[PlyCount "97"]
[EventDate "2016.12.11"]
[EventCountry "CRO"]

1. e4 c5 2. Nf3 e6 3. g3 Nc6 4. Bg2 Nf6 5. Qe2 d6 6. O-O Be7 7. c3 O-O 8. a3 a5
9. a4 d5 10. e5 Nd7 11. d3 b6 12. h4 Ba6 13. Bf4 b5 14. axb5 Bxb5 15. Nbd2 Nb6
16. Ng5 h6 17. Nh3 a4 18. Rfd1 Na5 19. Qg4 Kh8 20. Nf3 Be8 21. Nh2 Nb3 22. Rab1
a3 23. bxa3 Rxa3 24. Qe2 Na4 25. Qc2 Na5 26. Bxh6 Nxc3 27. Ra1 Ba4 28. Qd2 Nb3
29. Qxc3 Rxa1 30. Rxa1 Nxa1 31. Qxa1 Bb5 32. Bd2 Bxd3 33. Qd1 Qb8 34. Bg5 Bxg5
35. Qxd3 Be7 36. Nf3 c4 37. Qd4 Qb1+ 38. Kh2 Rc8 39. Qa7 c3 40. Qxe7 c2 41.
Nfg5 c1=Q 42. Nxf7+ Kg8 43. Qxe6 Rf8 44. Bxd5 Qc5 45. Be4 Qxe4 46. Nfg5+ Kh8
47. Nxe4 Qc2 48. Qg4 Qb2 49. Nf4 1-0

[Event "Open A Zadar 2016"]
[Site "Zadar"]
[Date "2016.12.12"]
[Round "3.29"]
[White "Xiang, Zeyu"]
[Black "Muha, Miljenko"]
[Result "1-0"]
[WhiteElo "2310"]
[BlackElo "2258"]
[PlyCount "115"]
[EventDate "2016.12.11"]
[EventCountry "CRO"]

1. d4 d5 2. c4 e6 3. Nf3 a6 4. g3 dxc4 5. Bg2 Nc6 6. O-O Rb8 7. e3 Nf6 8. Nfd2
Nd5 9. Nxc4 b5 10. Ncd2 Bb7 11. Nb3 Bd6 12. N1d2 Nf6 13. e4 e5 14. Nf3 Qe7 15.
Nh4 Nd7 16. Nf5 Qf6 17. Qg4 g6 18. Bg5 gxf5 19. Bxf6 fxg4 20. Bxh8 f6 21. f4
Nxd4 22. Nxd4 Bc5 23. fxe5 Bxd4+ 24. Kh1 Bxe5 25. Rad1 Rd8 26. Rd2 Ke7 27. Bg7
c5 28. Bh6 c4 29. Bf4 Nc5 30. Rxd8 Kxd8 31. Bxe5 fxe5 32. Kg1 Bxe4 33. Bxe4
Nxe4 34. Re1 Ng5 35. Kf2 Nf3 36. Re4 h5 37. h3 Ke7 38. hxg4 hxg4 39. Rxg4 Nd4
40. Rg7+ Kd6 41. Ra7 b4 42. Rxa6+ Kd5 43. Ra4 c3 44. bxc3 bxc3 45. Ke3 c2 46.
Kd2 c1=Q+ 47. Kxc1 Ne2+ 48. Kc2 Nxg3 49. Rg4 Ne4 50. a4 Nc5 51. a5 Kc6 52. Kd2
Kc7 53. Ke3 Kc6 54. Kd2 Kc7 55. Kc3 Na6 56. Rg8 Nc5 57. Kc4 Na4 58. Kb5 1-0

[Event "Open A Zadar 2016"]
[Site "Zadar"]
[Date "2016.12.12"]
[Round "3.30"]
[White "Blohberger, Felix"]
[Black "Deglmann, Ludwig"]
[Result "1-0"]
[WhiteElo "2272"]
[BlackElo "2303"]
[PlyCount "71"]
[EventDate "2016.12.11"]
[EventCountry "CRO"]

1. Nf3 Nf6 2. c4 g6 3. Nc3 d5 4. d4 Bg7 5. cxd5 Nxd5 6. e4 Nxc3 7. bxc3 c5 8.
Be3 O-O 9. Be2 Qc7 10. O-O Rd8 11. Rb1 Nc6 12. d5 e6 13. c4 b6 14. Bd3 Nd4 15.
Nxd4 cxd4 16. Bd2 Bd7 17. f4 f5 18. e5 Be8 19. Qb3 Rab8 20. d6 Qc8 21. Qb2 Bc6
22. Qxd4 Rxd6 23. Qxd6 Bf8 24. c5 Bxd6 25. cxd6 Qb7 26. Rbc1 b5 27. Rc5 Qa6 28.
Rfc1 Bd7 29. Rc7 Rd8 30. Be1 Qxa2 31. Bh4 Rc8 32. Rxc8+ Bxc8 33. Rxc8+ Kg7 34.
Rc7+ Kh6 35. Bg5+ Kh5 36. Rxh7+ 1-0

[Event "Open A Zadar 2016"]
[Site "Zadar"]
[Date "2016.12.13"]
[Round "4.1"]
[White "Saric, Ante"]
[Black "Bai, Jinshi"]
[Result "0-1"]
[WhiteElo "2547"]
[BlackElo "2544"]
[PlyCount "172"]
[EventDate "2016.12.11"]
[EventCountry "CRO"]
[WhiteClock "1:30:00"]
[BlackClock "1:30:00"]

1. d4 Nf6 2. c4 g6 3. Nf3 Bg7 4. Nc3 d5 5. Bf4 O-O 6. Rc1 c5 7. dxc5 dxc4 8.
Qxd8 Rxd8 9. e3 Na6 10. c6 bxc6 11. Bxc4 Nd5 12. Be5 Nb6 13. Be2 f6 14. Bg3 Nb4
15. O-O e5 16. Rfd1 Ba6 17. Bxa6 Nxa6 18. Kf1 Kf7 19. Ke2 Ke6 20. Rxd8 Rxd8 21.
Ne4 Rc8 22. Nfd2 Bf8 23. f3 Be7 24. Nc4 Nd5 25. Ned2 Bc5 26. e4 Ne7 27. Nb3 Bd4
28. Nxd4+ exd4 29. Rd1 c5 30. Rd3 Nc6 31. Ra3 Nab8 32. b3 a6 33. Nb6 Rf8 34.
Nc4 Ne5 35. Ra5 Rc8 36. Nb2 Rc6 37. f4 Ned7 38. f5+ gxf5 39. exf5+ Kxf5 40. Nd3
Ne5 41. Nxc5 h5 42. Kd2 Rd6 43. Nd3 Nbd7 44. Nb4 Nb8 45. Nd3 Nbd7 46. h3 Ke4
47. Nf2+ Kf5 48. Nd3 Ke4 49. Nb4 Nb8 50. Nc2 Rd5 51. Ra4 a5 52. Bf2 Nbc6 53.
Ne3 Rc5 54. Nc2 Rc3 55. Rxd4+ Nxd4 56. Kxc3 Ne2+ 57. Kd2 Nf4 58. Ne1 Nc6 59.
Bb6 f5 60. Bc7 Nd5 61. Bd6 Ne3 62. Bc5 f4 63. Bb6 Nd5 64. Bf2 Ne3 65. Bh4 Nd4
66. Bd8 Nc6 67. Bf6 Nd5 68. Bg7 Ne3 69. Bc3 Nd5 70. Nf3 Ne3 71. Nh4 Nf1+ 72.
Ke2 Ne3 73. Bf6 Nb4 74. Bd8 Nxa2 75. Kd2 Nf1+ 76. Ke1 Ne3 77. Bxa5 Nc1 78. b4
Nd3+ 79. Kd2 Nc4+ 80. Ke2 Nc1+ 81. Kf1 Nd3 82. Nf3 Kd5 83. Ng5 Ne3+ 84. Ke2 Kc4
85. Kf3 Nc2 86. Ne4 Nd4# 0-1

[Event "Open A Zadar 2016"]
[Site "Zadar"]
[Date "2016.12.13"]
[Round "4.2"]
[White "Stevic, Hrvoje"]
[Black "Stopa, Jacek"]
[Result "1-0"]
[WhiteElo "2600"]
[BlackElo "2479"]
[PlyCount "71"]
[EventDate "2016.12.11"]
[EventCountry "CRO"]
[WhiteClock "1:30:00"]
[BlackClock "1:30:00"]

1. e4 d6 2. d4 Nf6 3. Nc3 e5 4. Nf3 Nbd7 5. Bc4 Be7 6. a4 O-O 7. O-O c6 8. h3
a5 9. Re1 Nb6 10. Bf1 exd4 11. Nxd4 d5 12. e5 Ne8 13. Nce2 g6 14. Bh6 Ng7 15.
Nf3 Nd7 16. Ned4 Nc5 17. c4 Nce6 18. Rc1 Nxd4 19. Nxd4 c5 20. Ne2 d4 21. Nf4
Re8 22. Nd5 Ra6 23. Bd3 Re6 24. f4 Bh4 25. Rf1 f6 26. Qf3 fxe5 27. fxe5 Nf5 28.
Bf4 Rf8 29. Qe4 Kh8 30. Rf3 Bg5 31. Rcf1 Rfe8 32. Bxg5 Qxg5 33. Rxf5 gxf5 34.
Rxf5 Qg7 35. Nf6 Rf8 36. Nh5 1-0

[Event "Open A Zadar 2016"]
[Site "Zadar"]
[Date "2016.12.13"]
[Round "4.3"]
[White "Swayams, Mishra"]
[Black "Brkic, Ante"]
[Result "1/2-1/2"]
[WhiteElo "2473"]
[BlackElo "2569"]
[PlyCount "162"]
[EventDate "2016.12.11"]
[EventCountry "CRO"]
[WhiteClock "1:24:00"]
[BlackClock "1:30:00"]

1. d4 Nf6 2. c4 e6 3. Nc3 Bb4 4. f3 c5 5. d5 O-O 6. e4 d6 7. Nge2 a6 8. Ng3
exd5 9. cxd5 Nbd7 10. Be2 Ne5 11. O-O Re8 12. Be3 Bd7 13. Qc1 c4 14. a4 Rc8 15.
h3 Bc5 16. Bxc5 Rxc5 17. Kh1 Qc7 18. Nd1 Ng6 19. Ne3 b5 20. axb5 axb5 21. Re1
Nf4 22. Nef5 N6h5 23. Kh2 Nxg3 24. Nxg3 Nxe2 25. Rxe2 f6 26. Qc3 Rb8 27. Qb4 c3
28. bxc3 Rc4 29. Qa5 Rxc3 30. Rb2 Qxa5 31. Rxa5 Rc7 32. Ra6 Kf7 33. Rxd6 Ra7
34. f4 Ke7 35. e5 Ra4 36. Nh5 Re4 37. Ra6 fxe5 38. d6+ Kf7 39. Ra7 Rd8 40. Rxb5
exf4 41. Nxg7 Kxg7 42. Rbb7 Kg6 43. Rxd7 Rxd7 44. Rxd7 Re1 45. h4 h5 46. Ra7
Rd1 47. d7 Kf5 48. Ra5+ Kg6 49. Ra6+ Kg7 50. Ra7 Kg6 51. Ra6+ Kg7 52. Ra5 Kg6
53. Rg5+ Kh6 54. Rf5 Rxd7 55. Rf6+ Kg7 56. Rxf4 Kg6 57. Ra4 Rd6 58. Ra5 Rd4 59.
Rg5+ Kh6 60. Kh3 Rd3+ 61. Rg3 Rd4 62. Re3 Kg6 63. Re6+ Kg7 64. Kg3 Rg4+ 65. Kh3
Rd4 66. Re5 Kg6 67. Re8 Kg7 68. Re2 Kg6 69. g3 Rd6 70. Kg2 Rf6 71. Re5 Rf5 72.
Re6+ Kg7 73. Rd6 Kh7 74. Rd4 Kg6 75. Re4 Rf6 76. Re5 Rf5 77. Re8 Kg7 78. Re4
Kg6 79. Rf4 Ra5 80. Rf8 Rf5 81. Rg8+ Kh7 1/2-1/2

[Event "Open A Zadar 2016"]
[Site "Zadar"]
[Date "2016.12.13"]
[Round "4.4"]
[White "Xu, Xiangyu"]
[Black "Sebenik, Matej"]
[Result "1/2-1/2"]
[WhiteElo "2467"]
[BlackElo "2541"]
[PlyCount "49"]
[EventDate "2016.12.11"]
[EventCountry "CRO"]
[WhiteClock "1:30:00"]
[BlackClock "1:30:00"]

1. e4 c5 2. Nf3 Nc6 3. d4 cxd4 4. Nxd4 Nf6 5. Nc3 e5 6. Ndb5 d6 7. Bg5 a6 8.
Na3 b5 9. Nd5 Be7 10. Bxf6 Bxf6 11. c4 b4 12. Nc2 a5 13. b3 O-O 14. h4 a4 15.
g3 Be6 16. Bg2 axb3 17. axb3 Rxa1 18. Nxf6+ gxf6 19. Qxa1 Qa5 20. O-O Ra8 21.
Qxa5 Rxa5 22. Rd1 Ra2 23. Rxd6 Rxc2 24. Rxc6 Rc3 25. Kh2 1/2-1/2

[Event "Open A Zadar 2016"]
[Site "Zadar"]
[Date "2016.12.13"]
[Round "4.5"]
[White "Nikolic, Predrag"]
[Black "Livaic, Leon"]
[Result "1-0"]
[WhiteElo "2615"]
[BlackElo "2451"]
[PlyCount "111"]
[EventDate "2016.12.11"]
[EventCountry "CRO"]
[WhiteClock "1:30:00"]
[BlackClock "1:30:00"]

1. Nf3 Nf6 2. g3 b6 3. Bg2 Bb7 4. c4 c5 5. O-O g6 6. b3 Bg7 7. Bb2 O-O 8. Nc3
Nc6 9. d4 Nxd4 10. Nxd4 Bxg2 11. Kxg2 cxd4 12. Qxd4 d6 13. Rac1 Rc8 14. Rfd1
Nd7 15. Qd2 Nc5 16. b4 Ne6 17. Nd5 Qd7 18. h4 h5 19. e4 Bxb2 20. Qxb2 Nc7 21.
Ne3 Qe6 22. Qd4 Rfd8 23. a4 Qd7 24. Ra1 Ne6 25. Qd2 Kh7 26. a5 b5 27. cxb5 Qxb5
28. Nd5 Qd7 29. Qe3 Rc2 30. Rac1 Rdc8 31. Rxc2 Rxc2 32. Rc1 Rxc1 33. Qxc1 Nd4
34. Qd2 Ne6 35. Qc3 Qb7 36. Kg1 a6 37. Qe3 Qb5 38. Qf3 Nd8 39. Qc3 Qe2 40. Ne3
Ne6 41. Kg2 Kg8 42. e5 Qb5 43. exd6 exd6 44. Qd2 Qb7+ 45. Kg1 Qe4 46. Qxd6 Nd4
47. Qd5 Qb1+ 48. Kg2 Qxb4 49. Qa8+ Kg7 50. Qxa6 Nb3 51. Qc4 Qxc4 52. Nxc4 Nc5
53. Kf3 Kf6 54. Ke3 g5 55. Nd6 Ke6 56. Ne4 1-0

[Event "Open A Zadar 2016"]
[Site "Zadar"]
[Date "2016.12.13"]
[Round "4.6"]
[White "Plenca, Jadranko"]
[Black "Palac, Mladen"]
[Result "0-1"]
[WhiteElo "2415"]
[BlackElo "2601"]
[PlyCount "102"]
[EventDate "2016.12.11"]
[EventCountry "CRO"]
[WhiteClock "1:30:00"]
[BlackClock "1:30:00"]

1. e4 c5 2. Nf3 e6 3. g3 Nc6 4. Bg2 Nf6 5. Qe2 Be7 6. e5 Nd5 7. O-O d6 8. exd6
Qxd6 9. Rd1 e5 10. Na3 Bg4 11. c3 O-O 12. h3 Bh5 13. d3 f6 14. Nc4 Qc7 15. g4
Bf7 16. Nh4 Rfe8 17. Be3 g6 18. Nf3 Bf8 19. a4 Nd4 20. Qf1 Nc2 21. Rac1 Ndxe3
22. Nxe3 Nxe3 23. fxe3 Bb3 24. Rd2 Bxa4 25. Rf2 Kg7 26. Nd2 Be7 27. Bd5 Rad8
28. c4 Bd7 29. e4 Rh8 30. Re1 h5 31. g5 Rdf8 32. gxf6+ Rxf6 33. Rxf6 Bxf6 34.
Qg2 Rf8 35. Rf1 Be8 36. Nf3 Qe7 37. Qg3 b6 38. Rf2 a6 39. Rg2 Qd6 40. Kh1 Be7
41. b4 cxb4 42. d4 h4 43. Qg4 Bd7 44. Qh5 Bxh3 45. Rg1 Qf6 46. Qxe5 Qxe5 47.
Nxe5 Rf1 48. Rxf1 Bxf1 49. Nc6 b3 50. c5 b2 51. Ba2 bxc5 0-1

[Event "Open A Zadar 2016"]
[Site "Zadar"]
[Date "2016.12.13"]
[Round "4.7"]
[White "Djurovic, Goran"]
[Black "Zelcic, Robert"]
[Result "0-1"]
[WhiteElo "2396"]
[BlackElo "2496"]
[PlyCount "150"]
[EventDate "2016.12.11"]
[EventCountry "CRO"]
[WhiteClock "1:26:00"]
[BlackClock "1:30:00"]

1. Nf3 Nf6 2. b3 d5 3. Bb2 Bg4 4. e3 Nbd7 5. d4 e6 6. Be2 Bb4+ 7. c3 Bd6 8.
Nbd2 Qe7 9. c4 dxc4 10. bxc4 c5 11. O-O cxd4 12. exd4 O-O 13. Re1 Qd8 14. Qb3
Qc7 15. Bf1 Rfd8 16. Ne5 Bh5 17. Qh3 Bb4 18. Bc3 Bxc3 19. Qxc3 Nxe5 20. Rxe5
Bg6 21. Ree1 a5 22. a4 Nd5 23. Qb2 Nb4 24. Rec1 Bd3 25. Ra3 Bxf1 26. Rxf1 Rac8
27. Rg3 Qf4 28. d5 f6 29. Nb3 b6 30. Qe2 Re8 31. Rg4 Qd6 32. Re4 e5 33. Nd4 Qd7
34. Nb5 Na6 35. Rh4 f5 36. Rh3 Nc5 37. Ra1 e4 38. Qe3 Rf8 39. Qf4 Rf6 40. Rc3
h6 41. f3 Kh7 42. fxe4 fxe4 43. Qe3 Rcf8 44. Rcc1 Qf5 45. Nd4 Qe5 46. h3 Nd3
47. Rf1 Nf4 48. Rae1 Rg6 49. Rf2 Nxh3+ 50. Qxh3 Rxf2 51. Kxf2 Qxd4+ 52. Qe3
Rf6+ 53. Kg1 Qxc4 54. Qxe4+ Qxe4 55. Rxe4 Rd6 56. Re5 Kg6 57. g4 Kf6 58. Rf5+
Ke7 59. Re5+ Kd7 60. Kf2 Rg6 61. Kf3 Kd6 62. Rh5 Rf6+ 63. Ke3 g5 64. Kd4 Rf4+
65. Kd3 Kxd5 66. Rxh6 Rxa4 67. Rxb6 Kc5 68. Ra6 Kb5 69. Ra8 Rxg4 70. Rb8+ Ka4
71. Rg8 Kb3 72. Kd2 a4 73. Rb8+ Rb4 74. Rg8 a3 75. Ra8 Kb2 0-1

[Event "Open A Zadar 2016"]
[Site "Zadar"]
[Date "2016.12.13"]
[Round "4.8"]
[White "Stefanov, Emil"]
[Black "Markoja, Boris"]
[Result "1/2-1/2"]
[WhiteElo "2484"]
[BlackElo "2366"]
[PlyCount "75"]
[EventDate "2016.12.11"]
[EventCountry "CRO"]
[WhiteClock "1:30:00"]
[BlackClock "1:30:00"]

1. d4 e6 2. Nf3 Nf6 3. c4 Bb4+ 4. Bd2 Bxd2+ 5. Qxd2 d5 6. Nc3 O-O 7. e3 Qe7 8.
Rc1 Rd8 9. cxd5 exd5 10. Bd3 Nc6 11. h3 a6 12. O-O Ne4 13. Qe2 Bf5 14. a3 Nxc3
15. Rxc3 Bxd3 16. Qxd3 Na7 17. Qf5 Nb5 18. Rc2 c6 19. Ne5 Nd6 20. Qf4 f6 21.
Nd3 Qe4 22. Qxe4 Nxe4 23. Nc5 Nd6 24. f3 Re8 25. Re1 Re7 26. Kf2 Rae8 27. g4
Kf7 28. Rce2 h5 29. Kg3 Nb5 30. Nb3 Nd6 31. a4 g5 32. Nd2 Kg6 33. e4 Nf7 34.
Kf2 Nd8 35. Nf1 dxe4 36. gxh5+ Kxh5 37. Ng3+ Kg6 38. Rxe4 1/2-1/2

[Event "Open A Zadar 2016"]
[Site "Zadar"]
[Date "2016.12.13"]
[Round "4.9"]
[White "Jovanic, Ognjen"]
[Black "Halvax, Georg"]
[Result "1/2-1/2"]
[WhiteElo "2477"]
[BlackElo "2395"]
[PlyCount "38"]
[EventDate "2016.12.11"]
[EventCountry "CRO"]
[WhiteClock "1:30:00"]
[BlackClock "1:30:00"]

1. d4 d5 2. Nf3 Nf6 3. c4 e6 4. Bg5 Bb4+ 5. Nc3 Nbd7 6. e3 c5 7. cxd5 exd5 8.
Be2 Qa5 9. O-O Bxc3 10. bxc3 c4 11. Nd2 Qxc3 12. Rc1 Qa5 13. e4 Nxe4 14. Nxe4
dxe4 15. Bd2 Qb6 16. Bxc4 O-O 17. Bc3 Qg6 18. f3 Nb6 19. Bb3 Be6 1/2-1/2

[Event "Open A Zadar 2016"]
[Site "Zadar"]
[Date "2016.12.13"]
[Round "4.10"]
[White "Zelic, Mladen"]
[Black "Dragnev, Valentin"]
[Result "0-1"]
[WhiteElo "2305"]
[BlackElo "2475"]
[PlyCount "46"]
[EventDate "2016.12.11"]
[EventCountry "CRO"]
[WhiteClock "1:24:00"]
[BlackClock "1:30:00"]

1. e4 e5 2. f4 exf4 3. Nf3 Nf6 4. e5 Nh5 5. Be2 d6 6. O-O Nc6 7. d4 g6 8. Nc3
Bg7 9. exd6 cxd6 10. Nd5 g5 11. Nxg5 Qxg5 12. Nc7+ Kd8 13. Nxa8 Bh3 14. Rf2
Bxd4 15. Kh1 Kd7 16. gxh3 Bxf2 17. Bxh5 Ne5 18. Bxf4 Qxf4 19. Qd5 Kc8 20. Rd1
Rg8 21. Be2 Be3 22. Re1 Qf2 23. Qd1 Qg2# 0-1